| 000 | 01314nam a22002895a 4500 | ||
|---|---|---|---|
| 003 | OSt | ||
| 005 | 20170319142255.0 | ||
| 008 | 170313s2011 ua frb 000 0 ara d | ||
| 015 | _a2011 / 14265 | ||
| 020 | _a9789770468012 | ||
| 040 |
_aEG-ScBUE _bara _cEG-ScBUE |
||
| 043 |
_ae-fr--- _an-us--- _af------ |
||
| 082 | 0 | 4 |
_222 _a327 _bر ا ش |
| 100 | 1 | _aراشد، صابون محمد. | |
| 245 | 1 | 2 |
_aالتنافس الفرنسي الأمريكي في القارة الأفريقية بعد الحرب الباردة / _cتأليف صابون محمد راشد. |
| 260 |
_aالقاهرة : _bدار النهضة العربية، _c[2011] |
||
| 300 |
_a238 ص. ؛ _c24 سم. |
||
| 504 | _aيشتمل على إرجاعات ببليوجرافية. | ||
| 650 | 7 |
_2BUEsh _aالاستعمار الفرنسي. _914876 |
|
| 650 | 7 |
_2BUEsh _aالاستعمار الأمريكي. |
|
| 651 |
_2BUEsh _aإفريقيا _xعلاقات خارجية _zفرنسا. |
||
| 651 |
_2BUEsh _aإفريقيا _xعلاقات خارجية _yالولايات المتحدة الأمريكية. |
||
| 651 |
_2BUEsh _aالولايات المتحدة الأمريكية _xعلاقات خارجية _zإفريقيا. |
||
| 651 |
_aفرنسا _xعلاقات خارجية _zإفريقيا. _2BUEsh |
||
| 653 |
_bLLAAWW _cMarch2017 |
||
| 942 | _2ddc | ||
| 999 |
_c24474 _d24446 |
||